How well do you know Zerobaseone ? (easy) - quiz kpop - Statistics

General Stats
  • This quiz has been taken 411 times
  • The average score is 15 of 21
Answer Stats
Hint Answer % Correct
Who is the oldest ? Jiwoong
97%
Who is the youngest ? Yujin
97%
Through which survival show were they created ? Boys Planet
96%
Who is the leader ? Hanbin
96%
What is their fandom name ? ZEROSE
96%
Who was a BL actor ? Jiwoong
93%
Under which company are they ? WAKEONE
93%
Who is the tallest ? Gyuvin
92%
What is their debut song ? In bloom
81%
Who is your bias ? Mine : Jiwoong
80%
Who is MC at Mcountdown ? Hanbin
79%
Who is chinese ? Zhang Hao, Ricky
71%
What is Gyuvin's dog's name ? Eumppappa
67%
What is their debut date ? (MM/DD/YYYY) 07/10/2023
62%
Whose last name is Kim ? Jiwoong, Taerae, Gyuvin (special mention to Ricky)
58%
Who participated in Wild Idols ? Gunwook
56%
What's the name of their first album ? Youth in the shade
56%
Who has tattoos ? Hanbin, Matthew, Ricky
51%
Who ate 11 strawberries out of 14 ? Gunwook
49%
What is their first tour name ? Timeless world
34%
Who has an older sister ? Matthew, Taerae
31%
No matching quizzes found
Score Distribution
Percent of People with Each Score
Percentile by Number Answered
Your Score History
You have not taken this quiz